Fr. Conceicao Rodrigues College of Engineering

Fundamentals of Elecricity. (Record no. 21764)

MARC details
000 -LEADER
fixed length control field 00287nam a2200121Ia 4500
082 ## - DEWEY DECIMAL CLASSIFICATION NUMBER
Classification number 621.3
100 ## - MAIN ENTRY--PERSONAL NAME
Personal name Graham Kennard C.
245 ## - TITLE STATEMENT
Title Fundamentals of Elecricity.
260 ## - PUBLICATION, DISTRIBUTION, ETC.
Name of publisher, distributor, etc. D.B.Taraporevala sons &co.
Date of publication, distribution, etc. 2001
546 ## - LANGUAGE NOTE
Language note ENGLISH
650 ## - SUBJECT ADDED ENTRY--TOPICAL TERM
Topical term or geographic name entry element Electrical Engineering
942 ## - ADDED ENTRY ELEMENTS (KOHA)
Koha item type BOOK
Holdings
Withdrawn status Lost status Damaged status Not for loan Collection Home library Current library Date acquired Cost, normal purchase price Total Checkouts Full call number Barcode Date last seen Cost, replacement price Price effective from Koha item type
        AFT Fr. Agnel's C.Rodrigues College of Engineering Fr. Agnel's C.Rodrigues College of Engineering 17/03/2023 6.00   621.3 AFT512 17/03/2023 6.00 17/03/2023 BOOK